01042 a2200181 45000010006000000050017000060080041000230030015000640400040000790800075001192450028001942500012002222640051002343000019002855050527003040410008008311000021008393876620260407155649.0260407a1965 arg spa dAR-UNSa-BCEJYS aAR-UNSa-BCEJYSbspacAR-UNSa-BCEJYS a330.834xKeynes y el keynesianismo. Neokeynesianismo. Poskeynesianismo10aIntroducción a Keynes a5a. ed. 1aMéxico :bFondo de Cultura Económicac1965 a131 p.c21 cm. a1. La insuficiencia de la demanda - 2. El ingreso, el ahorro y las inversiones - 3. La propensión a consumir - 4. El multiplicador y las inversiones - 5. La eficiencia marginal del capital - 6. Teoría general de la tasa de interés - 7. La tasa de interés, la eficiencia marginal del capital y las inversiones - 8. Por qué la tasa de interés frena las inversiones - 9. Esquema de la teoría Keynesiana - 10. Aplicación del esquema a los salarios y precios - 11. La teoría de Keynes y su filosofía social  aspa1 aPrebisch, Raúl